<?xml version="1.0" encoding="UTF-8"?><?xml-stylesheet type="text/xsl" href="static/style.xsl"?><OAI-PMH xmlns="http://www.openarchives.org/OAI/2.0/" xmlns:xsi="http://www.w3.org/2001/XMLSchema-instance" xsi:schemaLocation="http://www.openarchives.org/OAI/2.0/ http://www.openarchives.org/OAI/2.0/OAI-PMH.xsd"><responseDate>2026-04-13T04:05:16Z</responseDate><request verb="GetRecord" identifier="oai:www.recercat.cat:2072/485431" metadataPrefix="marc">https://recercat.cat/oai/request</request><GetRecord><record><header><identifier>oai:recercat.cat:2072/485431</identifier><datestamp>2025-08-31T18:20:45Z</datestamp><setSpec>com_2072_98</setSpec><setSpec>col_2072_378192</setSpec></header><metadata><record xmlns="http://www.loc.gov/MARC21/slim" xmlns:dcterms="http://purl.org/dc/terms/" xmlns:xsi="http://www.w3.org/2001/XMLSchema-instance" xmlns:doc="http://www.lyncode.com/xoai" xsi:schemaLocation="http://www.loc.gov/MARC21/slim http://www.loc.gov/standards/marcxml/schema/MARC21slim.xsd">
   <leader>00925njm 22002777a 4500</leader>
   <datafield ind2=" " ind1=" " tag="042">
      <subfield code="a">dc</subfield>
   </datafield>
   <datafield ind2=" " ind1=" " tag="720">
      <subfield code="a">Castro, Teresa</subfield>
      <subfield code="e">author</subfield>
   </datafield>
   <datafield ind2=" " ind1=" " tag="720">
      <subfield code="a">Cárcamo, Andrea</subfield>
      <subfield code="e">author</subfield>
   </datafield>
   <datafield ind2=" " ind1=" " tag="260">
      <subfield code="c">2023</subfield>
   </datafield>
   <datafield ind2=" " ind1=" " tag="520">
      <subfield code="a">Este trabajo exploratorio tiene por objetivo identificar y clasificar los errores que cometen un grupo de sesenta estudiantes de primer año de ingeniería cuando resuelven tareas asociadas a ecuaciones trigonométricas. Para ello, el instrumento de recogida de datos fue un cuestionario escrito, que estaba conformado por tres tareas vinculadas a la resolución de ecuaciones trigonométricas. Los resultados muestran que los errores de los estudiantes están asociados a: a) el uso de falsas identidades trigonométricas o definiciones deformadas, b) la utilización de imágenes incorrectas de funciones trigonométricas para ángulos conocidos, c) el manejo inadecuado de propiedades algebraicas y d) la representación errónea del conjunto solución de una ecuación trigonométrica.</subfield>
   </datafield>
   <datafield ind2=" " ind1=" " tag="520">
      <subfield code="a">This exploratory work aims to identify and classify the errors made by a group of sixty first-year engineering students when solving tasks related to trigonometric equations. For this purpose, the data collection instrument was a written questionnaire consisting of three tasks concerning the resolution of trigonometric equations. The results show that students' errors are associated with: a) the use of false trigonometric identities or deformed definitions, b) the use of incorrect images of trigonometric functions for known angles, c) the inappropriate use of algebraic properties and, d) the wrong representation of the solution set of a trigonometric equation.</subfield>
   </datafield>
   <datafield ind1="8" ind2=" " tag="024">
      <subfield code="a">http://hdl.handle.net/2072/485431</subfield>
   </datafield>
   <datafield tag="653" ind2=" " ind1=" ">
      <subfield code="a">Ecuaciones trigonométricas</subfield>
   </datafield>
   <datafield tag="653" ind2=" " ind1=" ">
      <subfield code="a">Errores</subfield>
   </datafield>
   <datafield tag="653" ind2=" " ind1=" ">
      <subfield code="a">Estudiantes universitarios</subfield>
   </datafield>
   <datafield tag="653" ind2=" " ind1=" ">
      <subfield code="a">Enseñanza de trigonometría Abstract</subfield>
   </datafield>
   <datafield tag="653" ind2=" " ind1=" ">
      <subfield code="a">Trigonometric equations</subfield>
   </datafield>
   <datafield tag="653" ind2=" " ind1=" ">
      <subfield code="a">Errors</subfield>
   </datafield>
   <datafield tag="653" ind2=" " ind1=" ">
      <subfield code="a">University students</subfield>
   </datafield>
   <datafield tag="653" ind2=" " ind1=" ">
      <subfield code="a">Teaching on trigonometry</subfield>
   </datafield>
   <datafield ind2="0" ind1="0" tag="245">
      <subfield code="a">Errores en la resolución de ecuaciones trigonométricas : un estudio exploratorio con estudiantes de primer año de ingeniería</subfield>
   </datafield>
</record></metadata></record></GetRecord></OAI-PMH>